000 00588cam a2200229 4500
001 ABS66787
008 030704n2003 000 0 eng u
035 _a(Sirsi) u122951
245 _aFocus 2003: Yorkshire industrial
260 _c2003
490 _aEstates Gazette
_v(0323) 7 June 2003, 95-109(10)
590 _aABS
650 _aLEEDS
650 _aYORK
650 _aSTEEL INDUSTRY
650 _aDISTRIBUTION SERVICES
650 _aINDUSTRIAL MARKET
650 _aPLANNING POLICY
650 _aYORKSHIRE FORWARD
690 _aCOMMERICAL PROPERTY-MARKET
942 _n0
999 _c73006
_d73006